| 000 | 00761nam a22002297a 4500 | ||
|---|---|---|---|
| 999 |
_c10295 _d10295 |
||
| 003 | AR-CdUCM | ||
| 008 | 190329b ||||| |||| 00| 0 spa d | ||
| 040 |
_aMUNICIPALIDAD PROVINCIAL DEL CUSCO _cBIBLIOTECA MUNICIPAL DEL CUSCO |
||
| 082 |
_28ed. _a516 _bG36 |
||
| 110 |
_aEdiciones Bruño _927077 |
||
| 245 | _aGeometria curso superior / | ||
| 260 |
_aBilbao : _bArtes Graficas Grijelmo, _c1965. |
||
| 300 |
_a507 paginas ; _bilustraciones, graficos, tablas, cuadros, _c21 cm. |
||
| 505 | _aContenido: Geometria plana -- geometria del espacio | ||
| 650 |
_aGeometria _918764 |
||
| 650 |
_aMatematicas _99398 |
||
| 650 |
_aCurso _921483 |
||
| 650 |
_aAprendizaje _92143 |
||
| 650 |
_aRazonamientos matematicos _927078 |
||
| 942 |
_2ddc _cLIBROS |
||
| 945 | _apjha | ||